00486nam a2200193Ia 4500008004100000020001400041050001600055100002300071245001900094245005900113260001500172260001600187260000900203300001600212300002000228300001000248300002500258500000900283170918s9999 xx 000 0 und d a439101360 bA355li 2000 aAlcott, Louisa May aLittle woman / cby Louisa May Alcott ; introduction by Paula Danziger. aNew York : bScholastic, c2000 a562 pages : billustrations ; c17cm. eScholastic classics. a1300